000 01125cad a22002175a 4500
001 E148426
008 090916s2009 xxk f 000 0 eng d
035 _a(Sirsi) u148426
041 0 _aeng
050 0 4 _a352.5 $2 18
110 2 _aCouncil of Mortgage Lenders
_95903
245 0 0 _aAchieving best value
_bgood practice for lenders in working with asset managers in England, Wales and Northern Ireland
_h[electronic resource]
260 _a[S.l.]
_bCML
_c2009
520 _aGuidance aimed at encouraging good working practices between lenders and asset managers. To be read in conjunction with chapter 13 of the Financial Services Authority's (FSA) Mortgage Conduct of Business Rules (MCOB 13), the FSA's Treating Customers Fairly principles and the CML's guidance on arrears and possessions.
521 _aAdvanced
590 _aKA
651 4 _aEngland and Wales
_y1543-
690 _aPROPERTY-ACQUISITION AND DISPOSAL OF PROPERTY
856 4 0 _uhttps://www.rics.org/Global/Downloads/Finalguidance-goodpracticeforworkingwithassetmanagers-28May091.pdf
_zView the guidance free of charge at www.rics.org...
942 _n0
999 _c110047
_d110047